| 000 | 00644nam a2200217Ia 4500 | ||
|---|---|---|---|
| 003 | OSt | ||
| 005 | 20250221152728.0 | ||
| 008 | 210716s1992 xx 000 0 und d | ||
| 020 | _a8170362822 | ||
| 040 | _cAIMIT LIBRARY | ||
| 041 | _aeng | ||
| 082 |
_a658.406 _21 _bKHAP |
||
| 100 |
_aKhandwalla, Pradip N. _9201783 |
||
| 245 |
_aInnovative corporate turnarounds / _cBy Pradip N Khandwalla. |
||
| 250 | _a1st ed. | ||
| 260 |
_aNew Delhi : _bSage Publications ; _c1992. |
||
| 300 |
_a279p. ; _bPB _c22 cm. |
||
| 650 |
_aSurgical turnarounds _9201784 |
||
| 650 |
_aMethod behind the magic _9201785 |
||
| 942 |
_2ddc _cBK _e1st ed. _k658.406 KHAP |
||
| 999 |
_c206338 _d206338 |
||